banner koha

Produção agropecuária nos Municípios mais pobres do Brasil (Registro n. 294366)

MARC details
000 -LÍDER
campo de controle de tamanho fixo 01140nac a22003497a 4500
001 - NÚMERO DE CONTROLE
campo de controle BR0504035
003 - IDENTIFICADOR DO NÚMERO DE CONTROLE
campo de controle BR-BrBNA
005 - DATA E HORÁRIO DA ÚLTIMA TRANSAÇÃO
campo de controle 20240105123204.0
008 - CAMPO DE DADOS FIXOS--INFORMAÇÃO GERAL
campo de controle de tamanho fixo 230509b bl.|||m| |||| 00| 0 por d
040 ## - FONTE DA CATALOGAÇÃO
Instituição da catalogação original BR-BrBNA
Idioma da catalogação por
Instituição que transcreveu o registro Biblioteca Nacional de Agricultura
072 ## - CÓDIGO DE CATEGORIA DE ASSUNTO
Código de Categoria de Assunto E16; E51
090 ## - NÚMERO DE CHAMADA LOCAL
Número de chamada E16 BR0504035
100 1# - ENTRADA PRINCIPAL--NOME PESSOAL
Nome pessoal Fasiaben, M. do C.R.
100 1# - ENTRADA PRINCIPAL--NOME PESSOAL
Nome pessoal Gomes, R.A.C.
100 1# - ENTRADA PRINCIPAL--NOME PESSOAL
Nome pessoal Tsuruta, J.H.
100 1# - ENTRADA PRINCIPAL--NOME PESSOAL
Nome pessoal Prado, H.A. do
110 1# - ENTRADA PRINCIPAL--NOME CORPORATIVO
Nome corporativo ou nome da jurisdição EMBRAPA Secretaria de Gestão e Estratégia, Brasília, DF (Brasil)
9 (RLIN) 3718
245 1# - TÍTULO
Título Produção agropecuária nos Municípios mais pobres do Brasil
260 3# - PUBLICAÇÃO, DISTRIBUIÇÃO, ETC.
Local de publicação, distribuição, etc. Brasília, DF (Brasil):
Data da publicação, distribuição, etc. 2005.
300 ## - DESCRIÇÃO FÍSICA
Extensão 43 p.
490 ## - TÍTULO DA SÉRIE
Título da série Documentos - EMBRAPA Secretaria de Gestão e Estratégia (Brazil)
Número do volume ou designação sequencial da série no. 10
ISSN - International Standard Serial Number ISSN 1517-4680
500 ## - NOTA GERAL
Nota geral 16 tables; 17 ref.
650 ## - ASSUNTO--TERMO TÓPICO
Cabeçalho tópico ou nome geográfico CENSO AGROPECUÁRIO
650 ## - ASSUNTO--TERMO TÓPICO
Cabeçalho tópico ou nome geográfico POBREZA RURAL
650 ## - ASSUNTO--TERMO TÓPICO
Cabeçalho tópico ou nome geográfico PRODUÇÃO ANIMAL
650 ## - ASSUNTO--TERMO TÓPICO
Cabeçalho tópico ou nome geográfico AGRICULTURA FAMILIAR
650 ## - ASSUNTO--TERMO TÓPICO
Cabeçalho tópico ou nome geográfico ASSISTÊNCIA TÉCNICA
650 ## - ASSUNTO--TERMO TÓPICO
Cabeçalho tópico ou nome geográfico ENERGIA ELÉTRICA
650 ## - ASSUNTO--TERMO TÓPICO
Cabeçalho tópico ou nome geográfico POLÍTICA GOVERNAMENTAL
909 ## -
-- 202312
-- Lúcia Elande
-- 55
-- Lúcia Elande
942 ## - ELEMENTOS DE ENTRADA ADICIONADOS (KOHA)
Fonte da classificação ou esquema de arquivamento na estante Classificação AGRIS
Ocultar no OPAC Não
Tipo de material Koha Monografia Seriada
Exemplares
Situação do descarte Fonte da classificação ou esquema de arquivamento na estante Situação física Não pode ser emprestado Coleção Biblioteca de origem Biblioteca atual Localização na estante Total de empréstimos Número de telefone completo Código de barras Data de último acesso Tipo de material Koha Fonte de aquisição
  Classificação AGRIS       Biblioteca Nacional de Agricultura - Binagri Biblioteca Nacional de Agricultura - Binagri Agrobase - Acervo Geral   E16 BR0504035 E16 BR0504035 18/12/2023 Monografia Seriada Portaria Interministerial nº 164/94

BINAGRI

Telefone: (61)3218-2567/2388/3357/2097 - binagri@agro.gov.br

Ministério da Agricultura e Pecuária , Esplanada dos Ministérios, Bloco D, Anexo B, Brasília/DF, CEP: 70.043-900